Getting started with Microsoft Excel 5.0 for Windows / (Record no. 2445)
[ view plain ]
| 000 -LEADER | |
|---|---|
| fixed length control field | 01401cam a2200349 a 4500 |
| 001 - CONTROL NUMBER | |
| control field | 1627021 |
| 005 - DATE AND TIME OF LATEST TRANSACTION | |
| control field | 20210414114146.0 |
| 008 - FIXED-LENGTH DATA ELEMENTS--GENERAL INFORMATION | |
| fixed length control field | 950519s1995 nyua 001 0 eng d |
| 010 ## - LIBRARY OF CONGRESS CONTROL NUMBER | |
| LC control number | 95198664 |
| 020 ## - INTERNATIONAL STANDARD BOOK NUMBER | |
| International Standard Book Number | 0471120553 |
| 024 30 - OTHER STANDARD IDENTIFIER | |
| Standard number or code | 780471120551 |
| Additional codes following the standard number or code | 90000 |
| 035 ## - SYSTEM CONTROL NUMBER | |
| System control number | (OCoLC)32512853 |
| 040 ## - CATALOGING SOURCE | |
| Original cataloging agency | IWhN |
| Transcribing agency | IWhN |
| Modifying agency | DLC |
| 042 ## - AUTHENTICATION CODE | |
| Authentication code | lccopycat |
| 050 00 - LIBRARY OF CONGRESS CALL NUMBER | |
| Classification number | HF5548.4.M523K76 |
| 082 00 - DEWEY DECIMAL CLASSIFICATION NUMBER | |
| Classification number | 005.369 |
| Edition number | 20 |
| 100 1# - MAIN ENTRY--PERSONAL NAME | |
| Personal name | Kronstadt, Babette. |
| 245 10 - TITLE STATEMENT | |
| Title | Getting started with Microsoft Excel 5.0 for Windows / |
| Statement of responsibility, etc. | Babette Kronstadt. |
| 260 ## - PUBLICATION, DISTRIBUTION, ETC. | |
| Place of publication, distribution, etc. | New York : |
| Name of publisher, distributor, etc. | Wiley, |
| Date of publication, distribution, etc. | c1995. |
| 300 ## - PHYSICAL DESCRIPTION | |
| Extent | xii, 181 p. : |
| Other physical details | ill. ; |
| Dimensions | 28 cm. |
| 440 #0 - SERIES STATEMENT/ADDED ENTRY--TITLE | |
| Title | Getting started with Windows series |
| 500 ## - GENERAL NOTE | |
| General note | Includes index. |
| 505 ## - FORMATTED CONTENTS NOTE | |
| Formatted contents note | Contents: Introduction -- Creating a simple worksheet -- Enhancing a worksheet -- Copying and re-arranging worksheets -- More formulas and functions -- Absolute and relative cell references -- Charts. |
| 630 00 - SUBJECT ADDED ENTRY--UNIFORM TITLE | |
| Uniform title | Microsoft Excel (Computer file) |
| 650 #0 - SUBJECT ADDED ENTRY--TOPICAL TERM | |
| Topical term or geographic name entry element | Business |
| General subdivision | Computer programs. |
| 650 #0 - SUBJECT ADDED ENTRY--TOPICAL TERM | |
| Topical term or geographic name entry element | Electronic spreadsheets. |
| 856 4# - ELECTRONIC LOCATION AND ACCESS | |
| Materials specified | Table of Contents |
| Uniform Resource Identifier | <a href="http://www.loc.gov/catdir/toc/onix03/95198664.html">http://www.loc.gov/catdir/toc/onix03/95198664.html</a> |
| 856 42 - ELECTRONIC LOCATION AND ACCESS | |
| Materials specified | Publisher description |
| Uniform Resource Identifier | <a href="http://www.loc.gov/catdir/enhancements/fy0706/95198664-d.html">http://www.loc.gov/catdir/enhancements/fy0706/95198664-d.html</a> |
| 906 ## - LOCAL DATA ELEMENT F, LDF (RLIN) | |
| a | 7 |
| b | cbc |
| c | copycat |
| d | 2 |
| e | ncip |
| f | 19 |
| g | y-gencatlg |
| 942 ## - ADDED ENTRY ELEMENTS (KOHA) | |
| Source of classification or shelving scheme | Library of Congress Classification |
| Koha item type | Books |
| Withdrawn status | Lost status | Source of classification or shelving scheme | Damaged status | Not for loan | Home library | Current library | Shelving location | Date acquired | Total Checkouts | Full call number | Barcode | Date last seen | Price effective from | Koha item type |
|---|---|---|---|---|---|---|---|---|---|---|---|---|---|---|
| Library of Congress Classification | WISCONSIN INTERNATIONAL UNIVERSITY COLLEGE, GHANA - MAIN LIBRARY | WISCONSIN INTERNATIONAL UNIVERSITY COLLEGE, GHANA - MAIN LIBRARY | Reference | 12/10/2012 | HF5548.4.M523K76 | 6349/12 | 12/10/2012 | 12/10/2012 | Books |
